000 00539nam a22001932 4500
001 0000007278
005 20151217152028.0
008 071218s xx 000 0 eng d
020 _a1843340402 :
_cKES
040 _aKABU
_cKABU
100 1 _aLimb, Peter.
_@0000158488
245 1 0 _aDigital dilemmas and solutions /
_cPeter Limb.
260 _aOxford :
_bChandos,
_c2004.
300 _axvii, 193 p.
650 0 _aDigital libraries.
_@0000156726
908 _a071218
950 _@1
999 _c7480
_d7480